Štúdia SYST-EUR vo svetle novších analýz nitrendipín redukuje o 57 percent riziko vzniku demencie

Bibliographic Details
Main Author: (Mos) (Author)
Format: Article
Language:Slovak
ISSN:1335-4477
Subjects:

MARC

LEADER 00000nab a2200000 a 4500
001 vtls000787997
003 SK-MaSNL
005 20260304214810.0
008 140303c2002 xo 0 slo
015 |a SNBRB2002/03-10212 
035 |a CLN000139652 
040 |a SNKBUCL  |b slo  |c SNKBUCL  |e AACR2 
041 0 |a slo 
044 |a xo  |c SK 
080 |a 615.22:616.894-053.8:616.12-008.331.1-085  |2 1997 
080 |a 616.894-053.8  |2 1997 
080 |a 616.12- 008.331.1-085  |2 1997 
100 0 |a (Mos)  |4 aut  |9 839532 
245 1 0 |a Štúdia SYST-EUR vo svetle novších analýz  |b nitrendipín redukuje o 57 percent riziko vzniku demencie  |c [autor] (mos) 
650 0 7 |a nitrendipín  |2 SNK  |9 1378916 
650 0 7 |a demencia  |2 SNKPH  |9 2444 
650 0 7 |a hypertenzia  |2 SNKPH  |9 2490 
650 0 7 |a prevencia ochorení  |2 SNKPH  |9 69501 
650 0 7 |a terapia  |2 SNKPH  |9 781 
655 7 |a články z novín a časopisov  |2 SNK  |9 267496 
773 0 |t Zdravotnícke noviny  |g Roč. 7, č. 9 (2002)  |x 1335-4477 
773 0 |t [Príl.] Lekárske listy  |g Roč. 7, č. 9 (2002), s. 12  |x 1335-4477 
850 |a Slovenská národná knižnica v Martine 
852 |a SNK  |b KIS3GCP 
958 |a MI 
992 |a RBX 
999 |c 3143327  |d 3145257